|
|
|
|
| LEADER |
00891nam a2200217 a 4500 |
| 001 |
000616198 |
| 003 |
CZ BrMZK |
| 005 |
20040421125947.0 |
| 008 |
020810s1984 xr f cze d |
| 040 |
|
|
|a BOA001
|b cze
|c BOA001
|
| 080 |
|
|
|a 75.056-053.2(437.1)"19":92 Kudláček
|2 MRF
|
| 100 |
1 |
|
|a Kudláček, Jan,
|d 1928-2017
|7 jk01070650
|4 art
|
| 245 |
1 |
0 |
|a Jan Kudláček :
|b ilustrace dětské knihy : Oblastní galerie v Liberci, 12. ledna - 4. března 1984 : katalog výstavy /
|c úvodní text Eva Výtisková
|
| 246 |
3 |
3 |
|a Ilustrace dětské knihy
|
| 260 |
|
|
|a Liberec :
|b Oblastní galerie,
|c 1984
|
| 300 |
|
|
|a 1 složený l.
|
| 700 |
1 |
|
|a Výtisková, Eva,
|d 1945-
|7 mzk2003215027
|4 wfw
|
| 710 |
2 |
|
|a Oblastní galerie (Liberec, Česko)
|7 kn20010709078
|
| 910 |
|
|
|a BOA001
|b X-0880.310
|
| 990 |
|
|
|a BK
|
| 996 |
6 |
|
|b 2619221422
|c X-0880.310
|l MZK
|r Sklad / do 24 hodin
|n 3
|w 000616198
|u 000010
|a 1
|e BOA001
|j MZK50
|s P
|